BIBLIOTECA

SENCICO

El gran libro del vidrio / (Registro nro. 9752)

Detalles MARC
000 -LEADER
Campo de control de longitud fija 01315nam a22003137a 4500
003 - IDENTIFICADOR DEL NÚMERO DE CONTROL
Campo de control PE SENCICO BE
005 - FECHA Y HORA DE LA ÚLTIMA TRANSACCIÓN
Campo de control 20260224155105.0
008 - ELEMENTOS DE LONGITUD FIJA - INFORMACIÓN GENERAL
Campo de control de longitud fija 251113b |||||||| |||| 00| 0 eng d
020 ## - ISBN
ISBN 978-9962-04-023-1
040 ## - FUENTE DE CATALOGACIÓN
Origen de catalogación PE SENCICO BE
Agencia que realiza la transcripción PE SENCICO BE
041 ## - CÓDIGO DE IDIOMA
Idioma del texto spa
082 ## - NÚMERO DE CLASIFICACIÓN DECIMAL DEWEY
Código de Clasificación Dewey 748
Notación Interna A81
100 1# - ASIENTO PRINCIPAL--NOMBRE PERSONAL
Autor Personal Asensio, Óscar
9 (RLIN) 18
Término relacionado autor
245 1# - MENCIÓN DEL TITULO
Título El gran libro del vidrio /
Mención de responsabilidad Óscar Asensio ; diseño: Maria Serena Stefler
250 ## - MENCIÓN DE EDICIÓN
Edición [1a ed.]
260 ## - PUBLICACIÓN, DISTRIBUCIÓN, ETC. (PIE DE IMPRENTA)
Lugar de publicación, distribución, etc. Barcelona :
Nombre de la Editorial, Distribuidor, etc. Lexus Editores,
Fecha de publicación, distribución, etc. 2011
300 1# - DESCRIPCIÓN FÍSICA
Paginación 238 páginas :
Otros detalles físicos Ilustraciones a color ;
Dimensión 34 cm.
500 ## - NOTAS GENERALES
Nota General En la cubierta: "Construcción, accesorios, interiorismo"
505 0# - NOTA DE CONTENIDO CON FORMATO PREESTABLECIDOE
Contenido o índice EL vidrio en la vivienda -- Objetos de decoración y accesorios -- Elementos de construcción
520 3# - NOTA DE RESUMEN, ETC.
Resumen, etc. El vidrio es un elemento que puede ser encontrado tanto en la naturaleza como así también, puede ser producido por el hombre. Los primeros vestigios de la historia de este material se remontan al imperio Egipcio, allá por el año 3500 a.C.
650 10 - ASIENTO SECUNDARIO DE MATERIA - TERMINO TEMÁTICO
Término de tema o elemento de entrada de nombre geográfico Vidrios
9 (RLIN) 314
650 20 - ASIENTO SECUNDARIO DE MATERIA - TERMINO TEMÁTICO
Término de tema o elemento de entrada de nombre geográfico Aislamiento acústico
9 (RLIN) 418
650 20 - ASIENTO SECUNDARIO DE MATERIA - TERMINO TEMÁTICO
Término de tema o elemento de entrada de nombre geográfico Decoración y ornamentación
9 (RLIN) 397
650 20 - ASIENTO SECUNDARIO DE MATERIA - TERMINO TEMÁTICO
Término de tema o elemento de entrada de nombre geográfico Construcción
9 (RLIN) 339
700 1# - ASIENTO SECUNDARIO--NOMBRE PERSONAL
Autor Personal Stefler, María Serena
9 (RLIN) 26
Término de relación diseño
700 1# - ASIENTO SECUNDARIO--NOMBRE PERSONAL
Autor Personal Rojas, Sofía
9 (RLIN) 27
Término de relación diseño
910 ## - RESPONSABLE DEL REGISTRO
Coordinador de procesamiento de la información hfp
942 ## - ELEMENTOS DE KOHA
Fuente de clasificación o esquema de estanterías Dewey Decimal Classification
Tipo de documento Libros
999 ## -
-- 9752
-- 9752
Existencias
Estado Retiro Estado Perdido Sistema de Clasificación o Esquema de Estantería Estado Dañado No es para préstamo Ubicación Permanente Ubicación Actual Fecha de adquisición Total Checkouts Signatura topográfica completa Código de Barras Date last seen Precio efectivo desde Tipo de ítem
    Dewey Decimal Classification     Biblioteca Arequipa Biblioteca Arequipa 13/11/2025   748/A81 BibZareq25112513 13/11/2025 13/11/2025 Libros